[Event "Wch U20"]
[Site "Istanbul"]
[Date "2005.11.22"]
[Round "13"]
[White "Zeynalov, Farid"]
[Black "Can, Emre"]
[Result "1/2-1/2"]
[WhiteElo "2179"]
[BlackElo "2287"]
[PlyCount "138"]
[EventDate "2005.11.09"]
[EventType "swiss"]
[EventRounds "13"]
[EventCountry "TUR"]
[SourceTitle "CBM 109 Extra"]
[Source "ChessBase"]
[SourceDate "2006.01.03"]
[SourceVersion "2"]
[SourceVersionDate "2006.01.03"]
[SourceQuality "1"]

1. d4 d5 2. Nf3 Nf6 3. e3 e6 4. b3 Bb4+ 5. Bd2 Be7 6. Bd3 c5 7. 0-0 0-0 8. c3 b6 9. Qe2 Bb7 10. Bc1 Nc6 11. Nbd2 Qc7 12. Bb2 e5 13. e4 dxe4 14. Nxe4 Nxe4 15. Bxe4 exd4 16. Qc2 h6 17. cxd4 Nb4 18. Qb1 Bxe4 19. Qxe4 Bf6 20. a3 Rfe8 21. Qb1 Nd5 22. dxc5 Qxc5 23. Rc1 Qd6 24. Rd1 Rad8 25. h3 Qf4 26. Ra2 Nc3 27. Bxc3 Bxc3 28. Rc2 Bf6 29. Rcd2 Qc7 30. Rd3 g6 31. a4 a6 32. R1d2 Rxd3 33. Qxd3 Qc1+ 34. Rd1 Qc8 35. Qd7 Qxd7 36. Rxd7 Rd8 37. Ra7 a5 38. Rb7 Rd6 39. Kf1 Kg7 40. Ke2 Bc3 41. Rc7 Bd4 42. Rc2 Bc5 43. Rd2 Kf6 44. Rxd6+ Bxd6 45. Nd2 Ke6 46. Kd3 Kd5 47. Nc4 Bc7 48. Ne3+ Kc5 49. Ng4 h5 50. Nf6 b5 51. axb5 Kxb5 52. Ne4 Kb4 53. Kc2 Bf4 54. g3 Be5 55. Ng5 Bd4 56. f3 f6 57. Ne4 f5 58. Ng5 Bf2 59. g4 hxg4 60. hxg4 fxg4 61. fxg4 Bh4 62. Ne4 a4 63. bxa4 Kxa4 64. Kd3 Kb5 65. Kd4 Kc6 66. Ke5 Kd7 67. Kf4 Ke7 68. Ng5 Kf6 69. Nf3 Bf2 1/2-1/2

[Event "Wch U20"]
[Site "Istanbul"]
[Date "2005.11.20"]
[Round "11"]
[White "Cornette, Matthieu"]
[Black "Zeynalov, Farid"]
[Result "1/2-1/2"]
[WhiteElo "2418"]
[BlackElo "2179"]
[PlyCount "86"]
[EventDate "2005.11.09"]
[EventType "swiss"]
[EventRounds "13"]
[EventCountry "TUR"]
[SourceTitle "CBM 109 Extra"]
[Source "ChessBase"]
[SourceDate "2006.01.03"]
[SourceVersion "2"]
[SourceVersionDate "2006.01.03"]
[SourceQuality "1"]

1. e4 c6 2. d4 d5 3. e5 Bf5 4. Nf3 e6 5. a3 c5 6. c4 dxc4 7. Bxc4 Nc6 8. Be3 Be4 9. Nc3 Bxf3 10. Qxf3 cxd4 11. 0-0-0 Bc5 12. Qg4 Kf8 13. Bf4 Qe7 14. Nb5 Nh6 15. Qf3 Nf5 16. Rhe1 g5 17. Bg3 Kg7 18. h4 h6 19. Qh5 Rad8 20. Rd3 a6 21. Nd6 Nxd6 22. exd6 Bxd6 23. Kb1 Qf6 24. Qe2 b5 25. Bb3 Na5 26. Bc2 Nc4 27. Rf3 Qe7 28. Qd3 Bxg3 29. Rxg3 Kf8 30. Re4 Rd5 31. Bb3 f5 32. Re1 f4 33. Rh3 g4 34. Rhh1 Kf7 35. Re4 Qf6 36. Rhe1 e5 37. Bxc4 bxc4 38. Qxc4 Qe6 39. Rxf4+ exf4 40. Rxe6 Kxe6 41. Qc6+ Rd6 42. Qe4+ Kd7 43. Qb7+ Ke6 1/2-1/2